Chargement en cours...
Oceanic wilderness
| Auteur principal: | |
|---|---|
| Format: | Printed Book |
| Langue: | English |
| Publié: |
New York,
Firefly books,
2006
|
| LEADER | 00428nam a22001337a 4500 | ||
|---|---|---|---|
| 005 | 20151028162322.0 | ||
| 008 | 090914t xxu||||| |||| 00| 0 eng d | ||
| 082 | |a 574.92 |b P65 | ||
| 100 | |a Steene.Roger |9 7042 | ||
| 245 | |a Oceanic wilderness | ||
| 942 | |c BK |6 _ | ||
| 260 | |a New York, |b Firefly books, |c 2006 | ||
| 999 | |c 79742 |d 79742 | ||
| 952 | |0 0 |1 0 |2 ddc |4 0 |6 57492_P65 |7 0 |9 92966 |a SOS |b SOS |d 2009-09-14 |o 574.92 P65 |p MS014312 |r 2013-06-14 |w 2009-09-14 |y REF | ||